000 nam a22 a 4500
999 _c4203
_d4203
003 AKMAL
005 20170525150950.0
008 170525s2003 my | e | f001 0 may d
020 _a9679933970 (kkt.) :
_cRM60.00
039 9 _a201205151714
_bazwani_m
_c200510050931
_dmanoriah
_c200509121000
_dmarzihan
_c200509061510
_dfatimah
040 _aAKMAL
_cAKMAL
043 _aa-my---
049 _amal
082 0 4 _a959.5 ABD
_222
090 0 0 _a959.5
_bABD
090 2 0 _a959.5
_bABD
100 0 _aAbdullah Ahmad Badawi,
_cTun,
_d1939-
_9482
245 1 0 _aPeneraju warisan gemilang :
_bkoleksi ucapan Dato' Seri Abdullah Ahmad Badawi
246 3 0 _aKoleksi ucapan Dato' Seri Abdullah Ahmad Badawi
260 _aKuala Lumpur :
_bInstitusi Tadbiran Awam Negara,
_c2003
300 _axv, 282ms. ;
_c25cm.
500 _aMengandungi indeks
546 _aTeks bahasa Malaysia dan Inggeris
600 0 _aAbdullah Ahmad Badawi,
_cTun,
_d1939-
_9482
650 1 0 _aMalaysia
_xPolitics and government
_948
650 2 0 _aMalaysia
_xEconomic conditions
_93684
650 2 0 _aMalaysia
_xSocial conditions
_93347
650 2 0 _aSpeeches, addresses, etc.
_954
856 4 1 _uftp://tag856.pnm.gov.my/tag856/buku/9679933970.pdf
_yElectonic Resource
942 _2ddc
_cBOOK